| 000 | 02357cam a2200433 4500 | ||
|---|---|---|---|
| 001 | ABS68259 | ||
| 008 | 040927n2004 000 0 eng u | ||
| 035 | _a(Sirsi) u127527 | ||
| 100 | _aIves, P. | ||
| 245 | _aAbandoned tenancies and unlawful eviction | ||
| 260 | _c2004 | ||
| 490 |
_aLetting Update Journal _v12(2) July 2004, 15-22(4) |
||
| 520 | _aCovers the rules concerning surrender and abandonment of residential tenancies and aims to assist landlords in securing and retaking possession of abandoned property in such situations. Looks at: express surrender; tenant liability to pay rent; issues involving joint tenancies; joint occupancy and remaining occupiers; evidence of surrender; and abandonment clauses. Examines further the landlord's right to enter and secure, the legal position regarding unlawful eviction and harassment and the landlord's defences against these charges, tenant personal effects and the act of taking possession. Concludes that the law provides little support to the landlord whose tenant has abandoned the property and suggests where there is reasonable doubt as to whether the tenant has permanently vacated the premises, the safest solution is to terminate the tenancy by issuing formal notice and commencing possession proceedings. Provides an example notice of intention to possess. References. Fifth article in a series on housing possession. (See also Abs67005). | ||
| 590 | _aABS | ||
| 590 | _aABS | ||
| 650 | _aO'REILLY V WEBB | ||
| 650 | _aLEEK AND MOORLANDS BUILDING SOCIETY V CLARK | ||
| 650 | _aPRESTON BC V FAIRCLOUGH | ||
| 650 | _aHANNAFORD V SELBY | ||
| 650 | _aE AND L BERG HOMES LTD V GRAY | ||
| 650 | _aLAND AND MITCHELL V CADWALLDER AND CADWALLADER | ||
| 650 | _aCRIMINAL LAW ACT 1977 S6(1) | ||
| 650 | _aPROTECTION FROM EVICTION ACT 1977S1(3) | ||
| 650 | _aPROTECTION FROM EVICTION ACT 1977 S1(2) | ||
| 650 | _aHOUSING ACT 1988 S27 | ||
| 650 | _aHOUSING ACT 1988 S28 | ||
| 650 | _aHOUSING ACT 1988 S27(6) | ||
| 650 | _aTERMINATION | ||
| 650 | _aPERSONAL EFFECTS | ||
| 650 | _aCHAMBERLAIN V SCALLEY | ||
| 650 | _aPROTECTION FROM EVICTION ACT 1977S1(3)A | ||
| 650 | _aHARASSMENT | ||
| 650 | _aRENTS | ||
| 650 | _aPOSSESSION | ||
| 650 | _aABANDONMENT | ||
| 650 | _aUNLAWFUL EVICTION | ||
| 690 | _aLANDLORD AND TENANT-RESIDENTIAL TENANCIES | ||
| 942 | _n0 | ||
| 999 |
_c118056 _d118056 |
||